000 00675nam a2200241Ia 4500
003 OSt
005 20220918195049.0
006 a|||||r|||| 00| 0
007 ta
008 220917b |||||||| |||| 00| 0 eng d
024 _a83,261
037 _cTextual
040 _aARTS
_cARTS
_beng
041 _2eng
_aeng
082 _aS2, K9
100 _aCaplan Gerald ed
_987723
245 0 _aAdolescence
_b psychosocial perspectives
260 _aNew York
_bBasic book, inc.,publishers London
_c1969
650 _aPSYCHOLOGY
700 _a Lebovici Serge ed
_988783
942 _hS2, K9
_cTEXL
_2CC
999 _c206976
_d206976